000 01002pam a2200313 i 4500
001 019114934
003 EG-ScBUE
005 20260215095514.0
008 180904s2018 enk g 001 0 eng d
020 _a9781471179396
040 _aStDuBDS
_beng
_erda
_cStDuBDS
_dUk
_dEG-ScBUE
082 0 4 _a154.2
_222
_bMUR
100 1 _aMurphy, Joseph,
_d1898-1981,
_eauthor.
245 1 4 _aThe power of your subconscious mind /
_cJoseph Murphy, Ph.D., D.D ; edited and revised by Arthur R. Pell.
250 _aFully updated edition.
264 1 _aLondon :
_bSimon & Schuster,
_c2018.
300 _axxi, 297 pages ;
_c20 cm
336 _atext
_2rdacontent
_btxt
337 _aunmediated
_2rdamedia
_bn
338 _avolume
_2rdacarrier
_bnc
500 _aIncludes index.
650 7 _aMental discipline.
_2BUEsh
650 7 _aSubconsciousness.
_2BUEsh
653 _cFebruary2026
_bHHUUEENN
655 _vReading book
700 1 _aPell, Arthur R.,
_eeditor.
942 _2ddc
_cBB
999 _c31126
_d31097